01099nab a22002297a 4500003000400000005001700004008004100021040000700062100002200069245015600091260007300247300001500320500002800335505016000363505008200523650001800605650004000623650001300663650001700676650002700693773014900720OSt20251215162026.0190429b xxu||||| |||| 00| 0 spa d cPJ aAboso, Gustavo E.10aDelito de contacto telemático con menores de edad con fines sexuales (child grooming). Apuntes para una necesaria reforma penal /cGustavo E. Aboso. cCiudad Autónoma de Buenos Aires :aThomson Reuters La Ley, b2025. ap. 151-180 aCita: AR/DOC/2226/2023. aSumario: I. Introducción.— II. El delito de contacto telemático con menores de edad con fin predominantemente sexual.— III. Propuesta de reforma.  tSi te interesa el texto completo, solicitalo a koha@justierradelfuego.gov.ar  0aDERECHO PENAL 0aDELITOS CONTRA LA INTEGRIDAD SEXUAL 0aGROOMING 0aABUSO SEXUAL 0aCIENCIA Y TECNOLOGÍA0 02658tRevista de derecho penal y criminología. Nº 3 - Abril 2024dCiudad Autónoma de Buenos Aires : Thomson Reuters La Ley, 2017-x00347914